Introducción a los materiales compuestos /
Guardado en:
| Autor Principal: | |
|---|---|
| Formato: | Libro |
| Idioma: | Spanish |
| Publicado: |
La Plata :
Universidad Nacional. Facultad de cs. fisicomatemáticas,
1967.
|
| Series: | Publicación, 102
|
| Etiquetas: |
Agregar Etiqueta
Sin Etiquetas, Sea el primero en etiquetar este registro!
|
| LEADER | 00521nam a22001575a 4500 | ||
|---|---|---|---|
| 001 | EUN.um033021 | ||
| 003 | AR-BaUNS | ||
| 005 | 20050623122907.0 | ||
| 008 | 041125s1967####ag############000#0#spa#d | ||
| 245 | 1 | 0 | |a Introducción a los materiales compuestos / |c Raúl C. de la Vega. |
| 260 | |a La Plata : |b Universidad Nacional. Facultad de cs. fisicomatemáticas, |c 1967. | ||
| 300 | |a 23 p. | ||
| 490 | 0 | |a Publicación, 102 | |
| 100 | 1 | |a Vega, Raúl C. de la. | |
| 082 | 0 | 4 | |a 620.19 |
| 859 | |a Ar-BaUNS |b BIB. CENTRAL - Sector A |h 620.19 |i V522 |p 56442/970 | ||
